| 000 | 01242nam2a22003131 4500 | ||
|---|---|---|---|
| 001 | v19\rc\1837577 | ||
| 005 | 20251118180047.2 | ||
| 035 | _a(NLR Aleph) 004940598 | ||
| 090 |
_a5777018 _c5777018 |
||
| 100 | _a20071224d1908 u y0rusy50 ca | ||
| 101 | 1 |
_arus _cita |
|
| 102 | _aRU | ||
| 105 | _aa z ||||| | ||
| 200 | 1 |
_a[Декамерон _eНовелла _fДжиованни Боккачио _gПер. А.Н. Веселовского |
|
| 210 | _d1908] | ||
| 215 |
_a16 с. _cил. |
||
| 423 | 0 |
_11010#$arus _12001#$a[Анекдоты _15401#$aАнекдоты _t[Анекдоты |
|
| 461 | 0 |
_1001v19\rc\1837576 _12001#$aНовый юмористический альманах$e[1]-$v[1] _95777008 _cМосква _d1908 _nМ.Ф. Гиппиус _o[1]- _tНовый юмористический альманах _v[1] |
|
| 540 | 1 | _aДекамерон | |
| 700 | 1 |
_6z01790 _aБоккаччо _bД. _f1313-1375 _gДжованни |
|
| 702 | 1 |
_aВеселовский _bА.Н. _4730 |
|
| 790 | 1 |
_6z01700 _aБоккачио _bД. _f1313-1375 _gДжиованни |
|
| 801 | 0 |
_aRU _bNLR _gpsbo |
|
| 801 | 0 |
_aRU _bRuMoRGB _2psbo |
|
| 801 | 1 |
_aRU _bProSoft-M _2rusmarc |
|
| 852 |
_aNLR _j34.85.6.80 |
||
| 899 |
_aRuMoRGB _jR 454/186 |
||
| 942 | _cBOOK | ||
| 980 | _aNB | ||